Etika dan ekonomi : Satu sintesis Islam
| Main Author: | |
|---|---|
| Format: | Book |
| Published: |
Kuala Lumpur :
Berita Pubs. ,
1990
|
| Subjects: |
MARC
| LEADER | 00000cam a2200000 7i4500 | ||
|---|---|---|---|
| 001 | 0000002249 | ||
| 005 | 20050627.0 | ||
| 020 | |a 9679691969 | ||
| 040 | |a INS | ||
| 090 | 0 | 0 | |a BP173.75. |b N36152 1990 |
| 100 | 0 | |a Syed Nawab Haider Naqui | |
| 245 | 1 | 0 | |a Etika dan ekonomi : |b Satu sintesis Islam |c Syed Nawab Haider Naqui |
| 260 | |a Kuala Lumpur : |b Berita Pubs. , |c 1990 | ||
| 300 | |a 201p ; |c 22cm. | ||
| 650 | 0 | 0 | |a Islam and economic |
| 650 | 0 | 0 | |a Islam ethics |
| 999 | |a 0000003820 |b BOOK |c Open Shelf |e Default branch | ||